000 00533nam a2200169 a 4500
001 000007015
005 20200929154037.0
008 090904s1990 dr r 000 0 spa d
040 _aDO-SdBNP
_bspa
_cBNPHU
082 _axxxx
_bF634d, 1990
100 1 _aFlores Santana, Juan Antonio
_916066
245 1 0 _aDios y el hombre :
_ba través de Cristo y de María /
_cJuan Antonio Flores Santana.
250 _a3a ed.
260 _aSanto Domingo :
_bObispo de la Vega,
_c1990.
300 _a523 p. ;
_c22 cm.
590 _aInventariado, 2020/BT
999 _c6799
_d6799